Co pierwszego cieszy rodziców małego dziecka? - Statystyki

Ogólne statystyki
  • Ten quiz został rozwiązany 12 razy
  • Średni wynik to 3 z 6
Statystyki odpowiedzi
Hint Odpowiedź % Poprawnych
1. Słowo
90%
3. Krok
80%
4. Ząb
60%
2. Uśmiech
50%
5. Podniesienie główki
0%
6. Skorzystanie z nocnika
0%
Nie znaleziono quizów pasujących do podanych kryteriów
Rozkład punktacji
Procent ludzi z każdym wynikiem
Percentyl według liczby udzielonych odpowiedzi
Twoja historia wyników
Nie rozwiązałeś tego quizu